| 000 | 00902nam a2200241 a 4500 | ||
|---|---|---|---|
| 001 | 000021074 | ||
| 005 | 20240409073639.0 | ||
| 008 | 100830t1999 dr bc r 000 0 spa d | ||
| 020 | _a8489548420 | ||
| 040 |
_aDO-SdBNP _bspa _cBNPHU |
||
| 082 |
_a365.7293053 _bC965s, 1999 |
||
| 100 | 1 |
_aCuello, Rafael _913190 |
|
| 245 | 1 | 3 |
_aEl Sisal : _besclavitud y muerte en la Era de Trujillo / _cRafael Cuello ; prólogo José Luis Sáez, S.J. |
| 250 | _a3ª ed. | ||
| 260 |
_aSanto Domingo : _bSusaeta, _c1999. |
||
| 300 |
_a197 p. : _bmap. , retrs. ; _c21 cm. |
||
| 500 | _aIncluye cronología de la Era de Trujillo. | ||
| 590 | _aInventariado, 2018/BT | ||
| 650 | 4 |
_aPrisiones _zRepública Dominicana _yERA DE TRUJILLO, 1930-1961 _944068 |
|
| 650 | 4 |
_aHomicidio en prisiones _zRepública Dominicana _944069 |
|
| 700 | 1 |
_a Sáez , José Luis _d1937- _epról. _9620 |
|
| 910 | _aValidado. Control de calidad. EMS | ||
| 999 |
_c20576 _d20576 |
||